Държавите в Южна Америка (без карта) - Statistics

General Stats
  • This quiz has been taken 45 times
  • The average score is 11 of 12
Answer Stats
Country % Correct
ar Аржентина
100%
br Бразилия
100%
bo Боливия
94%
cl Чили
94%
ec Еквадор
91%
co Колумбия
91%
pe Перу
91%
py Парагвай
88%
uy Уругвай
88%
ve Венецуела
85%
sr Суринам
85%
gy Гаяна
64%
No matching quizzes found
Score Distribution
Percent of People with Each Score
Percentile by Number Answered
Your Score History
You have not taken this quiz